| 000 | 01176cab a2200289 4500 | ||
|---|---|---|---|
| 001 | ABS58180 | ||
| 008 | 090401t1998 xxu||||| |||| 00| 0 eng d | ||
| 035 | _a(Sirsi) u83320 | ||
| 041 | _aeng | ||
| 100 | _aNeedham, B. | ||
| 245 | 4 | _aThe effects of land policy: quantity as well as quality is important | |
| 260 | _c1998 | ||
| 350 | _a0 | ||
| 490 |
_aUrban Studies _v35(1) January 1998, 25-44(20) |
||
| 520 | _aCompares land policy in Israel and the Netherlands combining the Ricardian theory of land price and the stock adjustment model to relate land policy to housing production. The key variable in this relationship is the type of land development process that dominates in a country. Whether this process is carried out by a private or public body can affect the volume of production, and hence the price, of housing. References. (Based on journal abstract). | ||
| 650 | _aHOUSE PRICES | ||
| 650 | _aHOUSING PRODUCTION | ||
| 650 | _aISRAEL | ||
| 650 | _aLAND POLICY | ||
| 650 | _aNETHERLANDS | ||
| 650 | _aRICARDIAN THEORY | ||
| 650 | _aSTOCK ADJUSTMENT MODEL | ||
| 690 | _aLAND | ||
| 700 | _aVerhage, R. | ||
| 942 | _n0 | ||
| 948 | _c27/01/1998 | ||
| 999 |
_c52615 _d52615 |
||